Villes françaises en emojis - Statistiques

Statistiques générales
  • Ce quiz a été pris 143 fois
    125 depuis la dernière actualisation
  • Le résultat moyen est 13 sur 21
Statistiques - réponses
Emojis Villes % Correct
🗼🥖🎨🛍️🚇🎭 Paris
95%
🎥🎬🏖️👗🛥️ Cannes
93%
🎄🕯️❄️🥨 Strasbourg
90%
🍷🌉🏛️🍇 Bordeaux
85%
🩷✈️🏉🔴⚫️ Toulouse
79%
⚓🐟🍲🌞🌊🪨 Marseille
78%
⚽🟢⚫🔥🥁 Saint-Etienne
77%
🦁🍫🍷🏟️🍽️ Lyon
70%
🏰🍺🌧️🍟 Lille
67%
👑🏰🌳⛲️ Versailles
65%
🌊🏄‍♀️🌅 Biarritz
61%
🎉🐂🌶️ Bayonne
60%
🛥️☀️🍾👙💸 Saint-Tropez
59%
🏰🍾⛪⚜️ Reims
55%
🌋🗻🧀🐄🌾 Clermont-Ferrand
51%
🏔️⛷️🚠🚴 Grenoble
51%
🏰⚓🚢🐘 Nantes
46%
🏔️❄️🎿🧤🧗 Chamonix
45%
⛪🧎‍♀️💧🕊️🙏 Lourdes
43%
🚀🌴🐒🦜🚢 Cayenne
40%
🍽️🏺🏛️🌳 Limoges
5%
Aucun quiz correspondant
Distribution des résultats
% des personnes avec chaque résultat
Percentile par nombre de réponses
Votre historique - résultats
Vous n’avez pas pris ce quiz depuis la dernière actualisation